000 00505nam a2200193Ia 4500
008 180523s9999 xx 000 0 und d
020 _a0-07-246431-1
050 _aMAIN QP 44
050 _b.P38 2005 c.2
100 _aPatton, Kevin T.
245 0 _aLaboratory manual to accompany essentials of anatomy & physiology /
245 0 _cKevin T. Patton.
260 _aCanada :
260 _bMcGraw-Hill,
260 _c2005
300 _a324 pages :
300 _billustrations ;
300 _c26 cm.
999 _c357589
_d357589